000 00594nam a22001697a 4500
008 131009b xxu||||| |||| 00| 0 alb d
020 _a9951130062
041 0 _aalb
080 _a021
_x(496.51)
_x(061.3)
245 1 0 _aJava e Bibliotekës në Kosovë 7 - 13 prill 2003 :
_c[Kryeredaktor i botimeve Sali Bashota].
260 _aPrishtinë :
_bBiblioteka Kombëtare dhe Universitare e Kosovës ;
_c2004
300 _a131 f.:
_bme il.
_c21 cm.
650 0 _aBibliotekaria
_xSeminare
_zKosovë
700 _aBashota, Sali
700 _aBiblioteka Kombëtare dhe Universitare e Kosovës
942 _2udc
_cBK
999 _c79
_d79